Discovering media literacy: teaching digital media and popular culture in elementary school

Saved in:
Bibliographic Details
Main Author: HOBBS, Renee Moore, David Cooper
Format: Book
Language:English
Published: CORWIN Press
Tags: Add Tag
No Tags, Be the first to tag this record!

MARC

LEADER 00000nam a22000007a 4500
008 201214b ||||| |||| 00| 0 eng d
020 |a 978-1-45221-0563-2 
100 |a HOBBS, Renee  |a Moore, David Cooper 
245 |a Discovering media literacy: teaching digital media and popular culture in elementary school  |c Renee Hobbs, David Cooper Moore  |g xi, 241p.; ill. 
260 |b CORWIN Press  |h Thousand Oaks, California  |l P96 .M4H65  |m Media literacy – Study and teaching (Elementary)  |m Digital media – Study and teaching (Elementary).  |m Popular culture – Study and teaching (Elementary). 
942 |a lcc  |c BK  |e O.A.JOHNSON  |f 14/12/20 
952 |0 0  |1 0  |2 lcc  |4 0  |6 P0096 M4 H65  |7 0  |9 446  |a HOL  |b ED  |c LP  |d 2020-12-14  |l 0  |o P96 .M4H65  |p 2020-2175  |r 2020-12-14 00:00:00  |w 2020-12-14  |y BK 
952 |0 0  |1 0  |2 lcc  |4 0  |6 P0096 M4 H65  |7 0  |9 447  |a HOL  |b HOL  |c LP  |d 2020-12-14  |l 0  |o P96 .M4H65  |p 2020-2176  |r 2020-12-14 00:00:00  |w 2020-12-14  |y BK 
999 |c 225  |d 225